Efficient preparation of orders in a distributor coffee company using taboo search
El objetivo de esta investigacin̤ fue desarrollar un metaheuristico de bs͠queda tab ͠para resolver el problema de ruteo en la preparacin̤ de pedidos como un TSP (travelling salesman problem) que permita obtener distancias mn̕imas para recoger los productos de las posiciones de almacenamiento. El met...
Uloženo v:
| Další autoři: | , , , , |
|---|---|
| Médium: | Kniha |
| Jazyk: | angličtina |
| Témata: | |
| On-line přístup: | Efficient preparation of orders in a distributor coffee company using taboo search |
| Tagy: |
Přidat tag
Žádné tagy, Buďte první, kdo vytvoří štítek k tomuto záznamu!
|
MARC
| LEADER | 00000nam a22000004a 4500 | ||
|---|---|---|---|
| 001 | vpro11375 | ||
| 005 | 20201223000000.0 | ||
| 008 | 170311s2017 ck # g## #001 0#eng#d | ||
| 020 | |||
| 022 | |a 1909-3667 | ||
| 040 | |a CO-BoINGC | ||
| 041 | 0 | |a eng | |
| 245 | 1 | 0 | |a Efficient preparation of orders in a distributor coffee company using taboo search |
| 246 | |a Preparacin̤ eficiente de r̤denes en una compaą̕ distribuidora de caf ̌usando bs͠queda tab͠ | ||
| 264 | |a Bogot ̀(Colombia) : |b Revista VirtualPRO, |c 2017 | ||
| 520 | 3 | |a El objetivo de esta investigacin̤ fue desarrollar un metaheuristico de bs͠queda tab ͠para resolver el problema de ruteo en la preparacin̤ de pedidos como un TSP (travelling salesman problem) que permita obtener distancias mn̕imas para recoger los productos de las posiciones de almacenamiento. El metaheuristico se implement ̤en la preparacin̤ de pedidos en una empresa comercializadora de caf ̌en el departamento de Antioquia (Colombia). | |
| 650 | \ | \ | |a Industria del caf̌ |
| 650 | \ | \ | |a Caf-̌mercadeo |
| 650 | \ | \ | |a Agroindustria |
| 650 | \ | \ | |a Procesamiento del caf̌ |
| 650 | \ | \ | |a Coffee industry |
| 650 | \ | \ | |a Coffee - Marketing |
| 650 | \ | \ | |a Agro-industry |
| 650 | \ | \ | |a Coffee - Processing |
| 650 | \ | \ | |a Caf̌ |
| 650 | \ | \ | |a Transporte de caf̌ |
| 650 | \ | \ | |a Preparacin̤ de pedidos |
| 650 | \ | \ | |a Metaheurs̕tico de bs͠queda tab͠ |
| 650 | \ | \ | |a Eficiencia |
| 650 | \ | \ | |a Ruteo |
| 650 | \ | \ | |a Coffee |
| 650 | \ | \ | |a Coffee transport |
| 650 | \ | \ | |a Order preparation |
| 650 | \ | \ | |a Metaheuristic search taboo |
| 650 | \ | \ | |a Efficiency |
| 650 | \ | \ | |a Routing |
| 700 | \ | \ | |a Correa Espinal Alexander |
| 700 | \ | \ | |a Rodrg̕uez Velz̀quez Elkin |
| 700 | \ | \ | |a Gm̤ez Montoya Rodrigo A. |
| 700 | \ | \ | |a Hernǹdez Vahos Jos ̌D. |
| 700 | \ | \ | |a Universidad ECCI |
| 856 | |z Efficient preparation of orders in a distributor coffee company using taboo search |u https://virtualpro.unach.elogim.com/biblioteca/preparacion-eficiente-de-ordenes-en-una-compania-distribuidora-de-cafe-usando-busqueda-tabu | ||